<?xml version="1.0" encoding="UTF-8"?>
<record
    xmlns:xsi="http://www.w3.org/2001/XMLSchema-instance"
    xsi:schemaLocation="http://www.loc.gov/MARC21/slim http://www.loc.gov/standards/marcxml/schema/MARC21slim.xsd"
    xmlns="http://www.loc.gov/MARC21/slim">

  <leader>00460nam a2200145   4500</leader>
  <controlfield tag="008">708 R741b</controlfield>
  <datafield tag="020" ind1=" " ind2=" ">
    <subfield code="a">8489632138</subfield>
  </datafield>
  <datafield tag="082" ind1=" " ind2=" ">
    <subfield code="a">708</subfield>
    <subfield code="b">R741b</subfield>
  </datafield>
  <datafield tag="100" ind1=" " ind2=" ">
    <subfield code="a">Roig, Bernard&#xED;</subfield>
    <subfield code="9">6581</subfield>
  </datafield>
  <datafield tag="245" ind1=" " ind2=" ">
    <subfield code="a">Mors Ludens</subfield>
  </datafield>
  <datafield tag="260" ind1=" " ind2=" ">
    <subfield code="a">Madrid</subfield>
    <subfield code="b">Ministerio de Asuntos Exteriores de Espa&#xF1;a</subfield>
    <subfield code="c">1997</subfield>
  </datafield>
  <datafield tag="300" ind1=" " ind2=" ">
    <subfield code="a">40 p.</subfield>
    <subfield code="b">ill (col)</subfield>
    <subfield code="c">24 x 17 cm</subfield>
  </datafield>
  <datafield tag="650" ind1=" " ind2=" ">
    <subfield code="x">arte contempor&#xE1;neo</subfield>
    <subfield code="x">arte - exhibiciones</subfield>
    <subfield code="x">Espa&#xF1;a</subfield>
    <subfield code="x">arte - simbolismo</subfield>
    <subfield code="x">arte - religi&#xF3;n</subfield>
    <subfield code="9">6582</subfield>
  </datafield>
  <datafield tag="700" ind1=" " ind2=" ">
    <subfield code="a">Olmo, Santiago</subfield>
    <subfield code="9">6583</subfield>
  </datafield>
  <datafield tag="999" ind1=" " ind2=" ">
    <subfield code="c">1578</subfield>
    <subfield code="d">1578</subfield>
  </datafield>
  <datafield tag="952" ind1=" " ind2=" ">
    <subfield code="0">0</subfield>
    <subfield code="1">0</subfield>
    <subfield code="2">ddc</subfield>
    <subfield code="4">0</subfield>
    <subfield code="7">0</subfield>
    <subfield code="a">LV</subfield>
    <subfield code="b">LV</subfield>
    <subfield code="c">Monograf&#xED;as</subfield>
    <subfield code="d">2018-08-08</subfield>
    <subfield code="l">0</subfield>
    <subfield code="o">708 R741b</subfield>
    <subfield code="p">000984</subfield>
    <subfield code="r">2018-08-08 00:00:00</subfield>
    <subfield code="w">2018-08-08</subfield>
    <subfield code="y">01</subfield>
  </datafield>
</record>
